Environmentálne manažérstvo v integrovanom systéme

Bibliographic Details
Main Authors: Majerník, Milan, 1952- (Author), Mihok, Jozef, 1950- (Author), Tkáč, Michal, 1958- (Author), Bosák, Martin (Author), Szaryszová, Petra, 1984- (Author), Tarča, Alexander (Author)
Format: Book
Language:Slovak
PhysicalDescription:302 s. grafy, mp., sch., tab. 25 cm
Published: [V Bratislave Ekonomická univerzita, Podnikovohospodárska fakulta] 2013
ISBN:9788097155513 (viaz.)
Edition:[1. vyd.]
Subjects:

MARC

LEADER 00000cam a2200000 a 4500
001 vtls010593370
003 SK-MaSNL
005 20260301034730.0
008 160429s2013 xo dab f n 000 0 slo
015 |a SNBA2014/08 
020 |a 9788097155513 (viaz.) 
035 |a 7F5B5D5B-9D8F-453A-9986-A8545DEA9CCC 
035 |a urn:nbn:sk:snk-amkcf3 
035 |a urn:nbn:sk:snk-am003qsm 
040 |a SNK  |b slo  |c SNK  |e AACR2 
041 0 |a slo 
044 |a xo  |c SK 
072 7 |a 005  |x Manažment. Riadenie  |2 konspekt 
072 7 |a 502  |x Životné prostredie a jeho ochrana  |2 konspekt 
080 |a 502.13  |2 2001 
080 |a (048.8:082)  |2 2001 
245 0 0 |a Environmentálne manažérstvo v integrovanom systéme  |c Milan Majerník ... [et al.] 
246 1 4 |a Podnikové manažérstvo v integrovanom systéme 
250 |a [1. vyd.] 
260 |a [V Bratislave  |b Ekonomická univerzita, Podnikovohospodárska fakulta]  |c 2013 
300 |a 302 s.  |b grafy, mp., sch., tab.  |c 25 cm 
500 |a Vydala Ekonomická univerzita v Bratislave, Podnikovohospodárska fakulta so sídlom v Košiciach 
500 |a Vydavateľské údaje podľa ISBN 
504 |a Bibliogr.: s. 296-302 ; bibliogr. odkazy 
650 0 7 |a environmentálny manažment  |2 SNKPH  |9 3638 
650 0 7 |a Environmental management  |2 SNKPHeng  |9 306245 
655 7 |a kolektívne monografie  |2 SNKPH  |9 249850 
655 7 |a Collective monographs  |2 SNKPHeng  |9 125747 
700 1 |a Majerník, Milan,  |d 1952-  |4 aut  |9 214624 
700 1 |a Mihok, Jozef,  |d 1950-  |4 aut  |9 98334 
700 1 |a Tkáč, Michal,  |d 1958-  |4 aut  |9 203896 
700 1 |a Bosák, Martin  |4 aut  |9 265530 
700 1 |a Szaryszová, Petra,  |d 1984-  |4 aut  |9 185665 
700 1 |a Tarča, Alexander  |4 aut  |9 336127 
710 2 |a Ekonomická univerzita v Bratislave.  |b Podnikovohospodárska fakulta v Košiciach  |4 pbl 
752 |a Slovensko  |d Bratislava 
919 |a 978-80-971555-1-3 
958 |a NB 
999 |c 582413  |d 584343 
952 |a SNK  |b SNK  |y PREZ  |7 0  |p 17A1109894  |o snkSC 159466  |i snk2014/11234  |8 0  |0 0  |1 0  |4 0  |d 2014-05-13  |f 1  |l 0  |r 2025-08-21 00:00:00  |w 2026-02-23 
952 |a SNK  |b SNK  |y VYP  |7 0  |p 17A1109895  |o snkSC 159466 D1  |i snk2014/11235  |8 0  |0 0  |1 0  |4 0  |d 2014-05-13  |l 0  |r 2026-02-23 14:56:49  |w 2026-02-23